Very, Very Odd Laws by Country - Statistics

General Stats
  • This quiz has been taken 46 times
    32 since last reset
  • The average score is 8 of 48
Answer Stats
What is illegal? Answer % Correct
Playing in the Monte Carlo Casino Monaco
74%
Chewing gum Singapore
53%
Running out of gas on the highway Germany
42%
Try not to speed, your speeding fine is calculated based on your income Finland
37%
Holding salmon under suspicious circumstances United Kingdom
37%
Reincarnation without government permission China
32%
Taking selfies with statues of the Buddha Sri Lanka
32%
A game of bingo lasting more than 5 hours United States
32%
More than one glass of wine for married women Bolivia
26%
Water Pistols on New Year's Cambodia
26%
Dancing in the dark after midnight Japan
26%
Wearing a Winnie-the-Pooh T-shirt in public Poland
26%
Building a sandcastle Spain
26%
Wishing it were sunny during the long, dark winter hours Sweden
26%
Hiking while naked Switzerland
26%
Wearing Masks (Not including surgical masks for COVID) Denmark
21%
Wearing lacy underwear Russia
21%
Forgetting your wife's birthday Samoa
21%
Paying with too many coins Canada
16%
Dying without a pre-purchased burial plot France
16%
Wrestling a bear South Africa
16%
Tobacco Bhutan
11%
Belly dancing for men Egypt
11%
Bringing a bear to the beach Israel
11%
Pregnant women wearing hats Madagascar
11%
Public Flatulence Malawi
11%
Imported Water Nigeria
11%
Peeing in the ocean Portugal
11%
Women not wearing dresses Sudan
11%
Shirtless Driving Thailand
11%
Divorce Vatican City
11%
Owning a feather mattress Argentina
5%
Disrupting a wedding Australia
5%
Girls not having written permission from their fathers to wear mini skirts Belgium
5%
Eating or drinking while driving Cyprus
5%
Drunk driving, but it is punishable by death by firing squad El Salvador
5%
Mooning Greece
5%
Not warning people of locusts India
5%
Men wearing skirts Italy
5%
Owning a satellite dish Malaysia
5%
Beachware outside of resorts Maldives
5%
Taking your feet off the pedals when biking Mexico
5%
Not going on expeditions to plunder other countries every 5 years Norway
5%
Enjoying chili sauce in prison Peru
5%
Being annoying Philippines
5%
Hanging dirty laundry in public Trinidad and Tobago
5%
Destroying currency Turkey
5%
Making offensive gestures at passing cars Zimbabwe
5%
No matching quizzes found
Score Distribution
Percent of People with Each Score
Percentile by Number Answered
Your Score History
You have not taken this quiz since the last reset